Statistics for Largest Cities in La Crosse County, Wisconsin

Click here to take the quiz!

General Stats

  • This quiz has been taken 22 times
  • The average score is 4 of 6

Answer Stats

PopulationCity% Correct
51,227La Crosse
100%
17,736Onalaska
82%
4,779West Salem
59%
9,005Holmen
53%
1,459Bangor
47%
594Rockland
29%

Score Distribution

Percentile by Number Answered

Percent of People with Each Score

Your Score History

You have not taken this quiz